000 00320nam a22001457a 4500
008 210225b ||||| |||| 00| 0 eng d
020 _a9780072885309
041 _aeng
080 _23rd
_a316
082 _a316
100 _a50
101 _aSOC
245 _aThe practical skeptic
_cMcIntyre, L.J
942 _2udc
_cBK
999 _c55230
_d55230